书目信息 |
| 题名: |
怎样成为发明家
|
|
| 作者: | 萨拉马托夫 著 ;王子羲 , 郭越红 , 高婷 译 | |
| 分册: | ||
| 出版信息: | 北京 北京理工大学出版社 2006.11 |
|
| 页数: | 278页 | |
| 开本: | 21cm | |
| 丛书名: | ||
| 单 册: | ||
| 中图分类: | N19 | |
| 科图分类: | ||
| 主题词: | 创造发明--chuang zao fa ming--普及读物 | |
| 电子资源: | ||
| ISBN: | 7-5640-0865-2 | |
| 000 | 01200nam0 2200277 450 | |
| 001 | 012007322721 | |
| 005 | 20070926163304.14 | |
| 010 | @a7-5640-0865-2@dCNY25.00 | |
| 100 | @a20070724d2006 km y0chiy0120 ea | |
| 101 | 1 | @achi@crus |
| 102 | @aCN@b110000 | |
| 105 | @ay z 000yy | |
| 200 | 1 | @a怎样成为发明家@Azen yang cheng wei fa ming jia@e50小时学创造@f(俄) 尤里·萨拉马托夫著@F(e)you li·sa la ma tuo fu zhu@g王子羲 ... [等] 译@Gwang zi xi...[deng]yi |
| 210 | @a北京@c北京理工大学出版社@d2006.11 | |
| 215 | @a278页@d21cm | |
| 304 | @a题名页题 : 王子羲, 郭越红, 高婷, 段海波译 | |
| 330 | @a本书以丰富、生动、形象的实例,系统介绍了起源于前苏联的发明问题解决理论(TRIZ)的理论基础和基本概念、分析问题和解决问题的基本工具、解决发明问题的基本流程,以及TRIZ教学的基本特点和利用学校教育开展TRIZ教学的注意事项等。 | |
| 517 | 1 | @a50小时学创造@A50 xiao shi xue chuang zao |
| 606 | 0 | @a创造发明@Achuang zao fa ming@j普及读物 |
| 690 | @aN19@v4 | |
| 701 | 1 | @a萨拉马托夫@Asa la ma tuo fu@g(Петрович, CаламатовЮрий)@4著 |
| 702 | 0 | @a王子羲@Awang zi xi@4译 |
| 702 | 0 | @a郭越红@Aguo yue hong@4译 |
| 702 | 0 | @a高婷@Agao ting@4译 |
| 801 | 0 | @aCN@c20070926 |
| 905 | @dN19@eS006 | |
| 怎样成为发明家:50小时学创造/(俄) 尤里·萨拉马托夫著/王子羲 ... [等] 译.-北京:北京理工大学出版社,2006.11 |
| 278页;21cm |
| ISBN 7-5640-0865-2:CNY25.00 |
| 本书以丰富、生动、形象的实例,系统介绍了起源于前苏联的发明问题解决理论(TRIZ)的理论基础和基本概念、分析问题和解决问题的基本工具、解决发明问题的基本流程,以及TRIZ教学的基本特点和利用学校教育开展TRIZ教学的注意事项等。 |
| ● |
| 相关链接 |
|
|
|
正题名:怎样成为发明家
索取号:N19/S006
 
预约/预借
| 序号 | 登录号 | 条形码 | 馆藏地/架位号 | 状态 | 备注 |
| 1 | 247375 | 202473750 | 期刊室512/401自科库 136排2列5层/ [索取号:N19/S006] | 在馆 | |
| 2 | 247376 | 202473769 | 期刊室512/401自科库 136排2列5层/ [索取号:N19/S006] | 在馆 | |
| 3 | 247377 | 202473778 | 自科库401/401自科库 139排1列4层/ [索取号:N19/S006] | 在馆 |